Bandiera Asiatica Casuale per Paese - Statistics

Statistiche generali
  • Questo quiz è stato fatto 4.853 volte
  • Il punteggio medio è 8 su 10
Statistiche sulle risposte
con Immagini Risposta % Corretto
Cina
97%
Giappone
97%
Cipro
96%
India
96%
Corea del Sud
95%
Georgia
95%
Israele
95%
Turchia
95%
Arabia Saudita
94%
Iran
94%
Libano
94%
Nepal
93%
Pakistan
93%
Qatar
93%
Vietnam
93%
Bangladesh
91%
Corea del Nord
91%
Kazakistan
90%
Thailandia
90%
Sri Lanka
89%
Indonesia
88%
Iraq
88%
Malesia
88%
Armenia
87%
Bhutan
87%
Filippine
86%
Azerbaijan
84%
Cambogia
84%
Singapore
84%
Siria
84%
Mongolia
82%
Uzbekistan
81%
Emirati Arabi Uniti
79%
Laos
79%
Brunei
76%
Maldive
76%
Taiwan
76%
Yemen
76%
Giordania
75%
Afghanistan
74%
Oman
74%
Turkmenistan
72%
Birmania
71%
Bahrain
70%
Kirghizistan
69%
Kuwait
68%
Tagikistan
67%
Timor Est
67%
Nessun quiz corrispondente trovato
Distribuzione punteggi
Percentuale di utenti per punteggio
Percentile per numero di risposta
I tuoi punteggi nel tempo
Non hai fatto questo quiz